| 000 | 00760nam a22001937a 4500 | ||
|---|---|---|---|
| 999 |
_c57071 _d57071 |
||
| 005 | 20210629121919.0 | ||
| 008 | 191107s2019 en ||||| |||| 00| 0 eng d | ||
| 020 | _q0020707 | ||
| 041 | _aeng | ||
| 245 |
_aInternational Journal of American Linguistics / _b _cEditors : David Beck ; Fernando Zufiga. |
||
| 260 |
_aChicago : _bUniversity of Chicago Pres, _c2019. |
||
| 300 | _aV. | ||
| 653 | _aამერიკული ენათმეცნიერების საერთაშორისო ჟურნალი | ||
| 653 | _aპერიოდიკა | ||
| 653 | _aЛингвистика | ||
| 700 |
_aBeck, David _eრედაქტორი _95279 |
||
| 700 |
_a Zufiga, Fernando _eრედაქტორი _95280 |
||
| 942 |
_2udc _cCR |
||